| 000 | 00561cam a2200193 4500 | ||
|---|---|---|---|
| 001 | D2665 | ||
| 008 | 090401t1968 xxu||||| |||| 00| 0 eng d | ||
| 035 | _a(Sirsi) u70177 | ||
| 041 | _aeng | ||
| 050 | _a690.0973 | ||
| 100 | _aCondit, Carl W | ||
| 245 | _aAmerican building: Materials and techniques from the first colonial settlements to the present | ||
| 260 |
_aChicago _bUniversity of Chicago _c1968 |
||
| 300 | _axiii. 329p. ill. 20cm | ||
| 350 | _a1.6 | ||
| 490 | _aThe Chicago History of American Civilisation | ||
| 942 | _n0 | ||
| 948 | _c04/03/1997 | ||
| 999 |
_c95292 _d95292 |
||